| 000 | 01126nam0a2200325 4500 | ||
|---|---|---|---|
| 001 | RU\NLR\bibl\1677994 | ||
| 005 | 20260405193458.0 | ||
| 010 |
_a978-5-8311-0493-6 _9200 |
||
| 021 |
_aRU _b2010-63828 _94189 |
||
| 035 | _a(nilc)LIBNET\0000060340 | ||
| 035 | _a(NLR Aleph) 001669219 | ||
| 090 |
_a1030664 _c1030664 |
||
| 100 | _a20100906d2010 |||y0rusy50 ca | ||
| 101 | 0 | _arus | |
| 102 | _aRU | ||
| 105 | _ay z ||||| | ||
| 200 | 1 |
_aОт детства до дедства _e[сборник стихов, 1959-2006] _fАлексей Шлыгин |
|
| 210 |
_aВладимир _cТранзит-Икс _d2010 |
||
| 215 |
_a287, [1] с. _d21 |
||
| 686 |
_a84Р6 _vLBC/RL _2rubbk |
||
| 686 | _aШ6(2=Р)75-5 | ||
| 700 | 1 |
_4070 _8rus _7ca _aШлыгин _bА. И. _f1940-2006 _gАлексей Иванович _3RU\NLR\auth\7785258 _968186 |
|
| 801 | 0 |
_aRU _bВладимирская ОУНБ _c20100906 _grcr |
|
| 801 | 1 |
_aRU _bВладимирская ОУНБ _c20100906 _grcr _2rusmarc |
|
| 801 | 2 |
_aRU _bNLR _c20100924 _grcr |
|
| 830 | _aавт. по кн. | ||
| 942 | _cBOOK | ||
| 980 | _aNB | ||